Principales intereses de los adultos de la primaria intensiva : análisis de sus opiniones y actitudes ante los libros de texto.

Guardado en:
Bibliografiske detaljer
Hovedforfatter: Lella Allevato, Cayetano de comp, (autor)
Format: Bog
Sprog:spansk
Serier:(Cuadernos del CESU ; no. 10)
Fag:
Tags: Tilføj Tag
Ingen Tags, Vær først til at tagge denne postø!

MARC

LEADER 00000cam^a2200000uu^4500
001 000468946
005 20250521000000.0
008 050901s1988^^^^^^^^^^^^rd^r^^000^0^spa^d
009 20260310124524.711
022 |a 9683604722 
035 |a FCE 000011692 
035 |a FCE 007870 
037 |a Acervo ITESO - Biblioteca 
041 |a spa 
082 0 4 |a 082.378  |b CESU 10 
100 |a Lella Allevato, Cayetano de,  |e comp  |e (autor) 
245 1 0 |a Principales intereses de los adultos de la primaria intensiva :  |b análisis de sus opiniones y actitudes ante los libros de texto. 
264 |a México :  |b UNAM,  |c 1988. 
300 |a 90 p. 
336 |a texto  |b txt  |2 rdacontenido 
337 |a sin mediación  |b n  |2 rdamedio 
338 |a volumen  |b nc  |2 rdasoporte 
440 0 |a (Cuadernos del CESU ;  |v no. 10) 
649 |a XX 
650 |a Educación de adultos 
650 |a Actitud 
650 |a Análisis de la realidad 
650 |a Opinión 
650 |a Libros de texto 
650 |a Investigación educativa 
910 |a Fondo Centro de Estudios Educativos 
920 |a Impresos - Libros 
930 |a Fondos Especiales 
905 |a 133 
901 |a ALE007870  |b IT2  |c CEE  |u 20250521 
902 |a https://opac.biblio.iteso.mx/vufind/Record/000468946